Experiment - Theorie - Praxis Aufsätze und Reden

Gespeichert in:
Bibliographische Detailangaben
1. Verfasser: Kapica, Petr Leonidovič
Format: Buch
Sprache:Deutsch
Veröffentlicht: Berlin Akademie 1984
Schriftenreihe:Beiträge zur Forschungstechnologie Sonderband 3
Tags: Tag hinzufügen
Keine Tags, Fügen Sie das erste Tag hinzu!

MARC

LEADER 00000nam a2200000 4500
001 c114086
005 20230117081411.0
041 0 |a ger 
044 |a DE 
245 1 0 |a Experiment - Theorie - Praxis  |b Aufsätze und Reden  |c Petr Leonidovič Kapica 
264 1 |a Berlin  |b Akademie  |c 1984 
300 |a 435 s. 
490 1 |a Beiträge zur Forschungstechnologie  |v Sonderband 3 
830 0 |a Beiträge zur Forschungstechnologie  |v Sonderband 3 
100 1 |a Kapica, Petr Leonidovič